=LDR 00000nam 2200000 4500 =001 INLIS000000000039349 =005 20130612145000 =008 ***********************************ind** =035 ##$$0010-061300000039349 =041 ##$$a ind =082 ##$$a 650.107 =100 ##$$a hendrawan, tan =245 ##$$a spirit bisnis for kids =260 ##$$a pustaka grahatama $b yogyakarta =300 ##$$a 132 hlm =850 ##$$a NBPNMAT